Ancient Egyptian gods-in pictures - Statistics

General Stats
  • This quiz has been taken 541 times
  • The average score is 10 of 25
Answer Stats
Picture Hint Answer % Correct
Sun Ra/Re
99%
Dead Osiris
81%
Dead Anubis
72%
Life and magic Is'is/Isis
64%
Knowledge Thoth
60%
Sky Horus
59%
mainly Cats Bast/Bastet
52%
Foreigners, Storms, Deserts Set/Seti/Seth
51%
Earth Geb
47%
Order Ma'at/Maat
46%
love, joy, childbirth, heaven, music, and women Hathor
43%
Sky Nut
42%
Crocodiles Sobek
42%
War Sekhmet
41%
Creation Ptah
33%
Air Shu
28%
Moon Khonsu
27%
River flooding (personification of) Hapi/Hapy
22%
Source of the nile Khnum
19%
Water Tefnut
17%
Hunt Neith
16%
Wisdom, Knowledge, Writing Seshat
12%
War Anhur
8%
Ferryman of gods Nemty
8%
Lotus flower Nefetum
6%
No matching quizzes found
Score Distribution
Percent of People with Each Score
Percentile by Number Answered
Your Score History
You have not taken this quiz